A la recherche de Marcel Proust (Record no. 101142)

MARC details
000 -LEADER
campo de control de longitud fija 00609nam a2200193 i 4500
001 - NÚMERO DE CONTROL
campo de control 101142
003 - IDENTIFICADOR DE NÚMERO DE CONTROL
campo de control ES-MaACL
005 - FECHA Y HORA DE LA ÚLTIMA TRANSACCIÓN
campo de control 20250829062540.0
007 - CAMPO FIJO DE DESCRIPCIÓN FÍSICA--INFORMACIÓN GENERAL
campo de control de longitud fija t|
008 - DATOS DE LONGITUD FIJA--INFORMACIÓN GENERAL
campo de control de longitud fija 051013s1949 fr ||||1| fre d
100 1# - ENTRADA PRINCIPAL--NOMBRE DE PERSONA
Nombre de persona Maurois, André,
Fechas asociadas al nombre 1885-1967
9 (RLIN) 79267
245 10 - MENCIÓN DEL TÍTULO
Título A la recherche de Marcel Proust
Resto del título : avec de nombreux inédits /
Mención de responsabilidad, etc. André Maurois, [seud.] de Emile Herzog.
250 ## - MENCION DE EDICION
Mención de edición 60ª ed.
260 ## - PUBLICACIÓN, DISTRIBUCIÓN, ETC.
Lugar de publicación, distribución, etc. Paris :
Nombre del editor, distribuidor, etc. Hachette,
Fecha de publicación, distribución, etc. 1949.
300 ## - DESCRIPCIÓN FÍSICA
Extensión 348 p. ;
Dimensiones 20 cm.
600 17 - PUNTO DE ACCESO ADICIONAL DE MATERIA--NOMBRE DE PERSONA
Nombre de persona Proust, Marcel,
Fechas asociadas al nombre 1871-1922-
Subdivisión general Biografías
Fuente del encabezamiento o término
9 (RLIN) 144085
852 ## - LOCALIZACIÓN
Ubicación ES-MaACL
Número de control de estantería D-6355
Sublocalización o colección R.29665
Holdings
Estatus retirado Estado de pérdida Estado de daño No para préstamo Biblioteca de origen Biblioteca actual Ubicación en estantería Fecha de adquisición Fuente de adquisición Total de préstamos Signatura topográfica completa Código de barras Visto por última vez Precio de reemplazo Tipo de ítem Koha
        Biblioteca del Ateneo de Madrid Biblioteca del Ateneo de Madrid Sala Valle Inclán 17/01/2008     D-6355 901105597 23/02/2023 23/02/2023 Libro impreso